Hotelové legendy - Tokio
Japonské Tokio zaznamená ročne viac ako 400 miliónov návštev Japoncov a 5 miliónov zahraničných návštevníkov. Tento veľký počet ľudí si môže vybrať medzi rozmanitými možnosťami ubytovania. Významné hotely v Tokiu.
Enregistré dans:
| Auteur principal: | |
|---|---|
| Format: | Chapitre de livre |
| Langue: | slovaque |
| Sujets: | |
| Tags: |
Pas de tags, Soyez le premier à ajouter un tag!
|
MARC
| LEADER | 00000naa a2200000 4500 | ||
|---|---|---|---|
| 001 | 0118297 | ||
| 005 | 20230607113920.8 | ||
| 041 | 0 | |a slo | |
| 044 | |a SK | ||
| 245 | 1 | 0 | |a Hotelové legendy - Tokio |c Richard Mištík |
| 520 | |a Japonské Tokio zaznamená ročne viac ako 400 miliónov návštev Japoncov a 5 miliónov zahraničných návštevníkov. Tento veľký počet ľudí si môže vybrať medzi rozmanitými možnosťami ubytovania. Významné hotely v Tokiu. | ||
| 610 | 2 | 0 | |a hotelierstvo |
| 610 | 2 | 0 | |a hotely |
| 610 | 2 | 0 | |a Japonsko |
| 100 | 1 | |a Mištík, Richard | |